| 000 | 01833nam a2200529 i 4500 | ||
|---|---|---|---|
| 001 | 7608 | ||
| 003 | KOSZ 005 | ||
| 005 | 20200302132119.0 | ||
| 008 | 200302s1973 pl a f f 000 0 pol | ||
| 015 | _aPB 1973/3858 | ||
| 035 | _a991033200699705066 | ||
| 035 | _a(PL-WaBN)b1889494x-48omnis_nlop | ||
| 035 | _ab1889494x | ||
| 035 | _a(OCoLC)749725504 | ||
| 035 | _a(PL)b0000001889494 | ||
| 035 | _a(EXLNZ-48OMNIS_NETWORK)9910492869305606 | ||
| 040 |
_aWA N _cWA N _dKOSZ 005/RW |
||
| 046 | _k1973 | ||
| 080 | _a69 | ||
| 080 | _a624.9 | ||
| 080 | _a(083.1) | ||
| 245 | 0 | 0 |
_aPoradnik majstra budowlanego / _c[autorzy Mikołaj Bosakirski et al. ; redakcja naukowa Ryszard Cwil et al.] ; Polski Związek Inżynierów Techników Budownictwa. |
| 250 | _aWydanie 2 zaktualizowane i przerobione. | ||
| 260 |
_aWarszawa : _b"Arkady" _c1973. |
||
| 300 |
_a837, [1] stron : _bilustracje ; _c22 cm. |
||
| 336 |
_aTekst _btxt _2rdacontent |
||
| 337 |
_aBez urządzenia pośredniczącego _bn _2rdamedia |
||
| 338 |
_aWolumin _bnc _2rdacarrier |
||
| 380 | _aKsiążki | ||
| 380 | _aPublikacje fachowe | ||
| 388 | _a1901-2000 | ||
| 504 | _aBibliografia na stronach 836-[838]. | ||
| 521 | 8 | _aKsiążka przeznaczona jest dla majstrów i techników budowlanych. | |
| 650 | 7 |
_aBudownictwo _2DBN |
|
| 650 | 7 | _aRoboty ziemne | |
| 650 | 7 | _aStropy | |
| 650 | 7 | _aIzolacje cieplne | |
| 650 | 7 | _aRusztowania | |
| 655 | 7 |
_aPoradnik _2DBN |
|
| 658 | _aArchitektura i budownictwo | ||
| 700 | 1 |
_aBosakirski, Mikołaj _eAutor |
|
| 700 | 1 |
_aCwil, Ryszard _eRedakcja |
|
| 710 | 2 |
_aWydawnictwo Arkady _4pbl |
|
| 856 |
_uhttp://koha.tu.koszalin.pl/cgi-bin/koha/opac-detail.pl?biblionumber=7608 _yKatalog online BPK |
||
| 942 |
_2UKD _cKS |
||
| 999 |
_c7608 _d7608 |
||